Lord of the Rings characters by quote - Statistics

General Stats
  • This quiz has been taken 322 times
  • The average score is 13 of 15
Answer Stats
Quote Character % Correct
'Mr Frodo' Samwise Gamgee
100%
'The ring is mine Sam' Frodo
99%
'Fly you fools' Gandalf the Grey
99%
'My Precious' Gollum
99%
'They're taking the Hobbits to Isengard' Legolas
97%
'You have my sword' Aragorn
96%
'And they call it a mine' Gimli
95%
'They have a cave troll' Boromir
93%
'He was my brother' Faramir
93%
'I am no man' Eowyn
90%
'Master is my friend' Smeagol
87%
'Destroy it!!' Elrond
81%
'But you're part of the world aren't you?' Merry
79%
'Find the halflings, Find the halflings' Lurtz
51%
'The time of the Orc begins' Gothmog
35%
No matching quizzes found
Score Distribution
Percent of People with Each Score
Percentile by Number Answered
Your Score History
You have not taken this quiz